[Event "IIFL Wealth  4th Mumbai Junior U-13"]
[Site "Mumbai"]
[Date "2019.01.02"]
[Round "4"]
[White "Gukesh D"]
[Black "Shah Jeet"]
[Result "1-0"]
[WhiteElo "2466"]
[BlackElo "1904"]
[Annotator "TA"]
[PlyCount "79"]
[EventDate "2018.12.30"]
[EventType "swiss"]
[EventCountry "IND"]
[SourceTitle "playchess.com"]
[Source "ChessBase"]
[SourceQuality "1"]

{[%evp 18,79,35,35,27,11,21,0,8,0,0,0,0,-14,22,0,0,0,6,-81,-94,-82,-88,-133,-133,-203,-221,-285,-15,-71,-86,-83,-72,-113,260,207,208,197,194,185,207,194,208,220,212,194,200,195,206,200,166,116,112,65,192,197,194,214,205,204,197,201,1277,1260]} 1. Nf3 d5 2. g3 Nf6 3. Bg2 Bf5 4. O-O e6 5. d3 h6 6. c4 c6 7. cxd5 exd5 8. Nc3 Be7 9. Nd4 {A11: English Opening: 1...c6} Bg6 10. e4 {LiveBook: 5 Games} O-O 11. Re1 {White has an edge.} Re8 $146 ({Predecessor:} 11... Na6 12. e5 Nd7 13. Bh3 Re8 14. f4 Bc5 15. Be3 Nb4 16. Bf1 b5 {½-½ (75) Percivaldi,M (2406)-Rasmussen,A (2538) Svendborg 2018}) 12. e5 Nfd7 13. Bh3 Bc5 14. Nf3 d4 15. Ne4 Bb4 16. Bd2 Bxd2 17. Nexd2 Nc5 18. Nc4 (18. e6 $11) 18... Nxd3 $17 19. Re2 Qd5 $1 {[%cal Rd5c4][%mdl 64] Double Attack} 20. Nd6 Nxe5 ({Not} 20... Qxf3 21. Nxe8 Nf4 22. Bf1 $14) 21. Nxe8 (21. Nxe5 $17 {keeps fighting.} Rxe5 22. Nc8) 21... Nxf3+ $19 22. Kh1 Nh4+ $2 (22... d3 $1 $19 {[%cal Rd3e2]} 23. Nc7 dxe2 24. Qxe2 Qd8 25. Nxa8 Nd4) 23. f3 (23. Kg1 $11 Nf3+ 24. Kh1 Ng5+ 25. Bg2) 23... Qxf3+ $17 24. Kg1 Na6 $1 25. Qxd4 {[%csl Ge8][%cal Rd4g7]} f6 $2 {[%mdl 8192]} (25... Qxg3+ $1 $17 {and life is bright.} 26. Kh1 Qf3+ {[%mdl 64] Double Attack} 27. Kg1 f6) 26. Qd7 {[%csl Ge8][%cal Rd7g7]} Bxe8 27. Rxe8+ Rxe8 28. Qxe8+ Kh7 29. Rf1 {[%mdl 1024] White has strong compensation.} Qd3 30. Qh5 $1 {[%cal Rh5h4]} ({Stronger than} 30. gxh4 Qxh3 31. Qe4+ Kg8 $11) 30... Qe3+ 31. Rf2 $1 Qe1+ 32. Bf1 Ng6 33. Qf5 Nb4 34. h4 Qe5 35. Qf3 Nd5 {[#]} (35... h5 $1 $14) 36. Bd3 $1 $18 h5 37. Re2 $40 {[%mdl 128] White wants a kill.} Qd4+ 38. Kh2 Kh6 {White must now prevent ...Ne5.} 39. Re8 {And now Qf5 would win.} Qxb2+ $2 {[#]} (39... Nb4) 40. Be2 $1 {Accuracy: White = 48%, Black = 48%.} 1-0

[Event "IIFL Wealth  4th Mumbai Junior U-13"]
[Site "Mumbai"]
[Date "2019.01.02"]
[Round "4"]
[White "Pranav Vijay"]
[Black "Jain Kashish Manoj"]
[Result "0-1"]
[WhiteElo "2265"]
[BlackElo "1853"]
[Annotator "ChessBase"]
[PlyCount "106"]
[EventDate "2018.12.30"]
[EventType "swiss"]
[EventCountry "IND"]
[SourceTitle "playchess.com"]
[Source "ChessBase"]
[SourceQuality "1"]
[TimeControl "40/5400+30:1800+30"]

1. e4 {[%emt 0:00:00]} d6 {[%emt 0:00:00]} 2. d4 {[%emt 0:00:00]} Nf6 {[%emt 0:00:00]} 3. Nc3 {[%emt 0:00:00]} g6 {[%emt 0:00:00]} 4. Be3 {[%emt 0:00:00]} c6 {[%emt 0:00:00]} 5. Nf3 {[%emt 0:00:17]} Bg7 {[%emt 0:01:29]} 6. Qd2 {[%emt 0:00:23]} b5 {[%emt 0:01:48]} 7. a3 {[%emt 0:01:08]} Nbd7 {[%emt 0:08:06]} 8. h3 {[%emt 0:00:36]} O-O {[%emt 0:13:56]} 9. g4 {[%emt 0:04:46]} Bb7 {[%emt 0:06:41]} 10. g5 {[%emt 0:02:42]} Nh5 {[%emt 0:02:48]} 11. Be2 {[%emt 0:00:09]} e5 {[%emt 0:13:45]} 12. dxe5 {[%emt 0:01:14]} dxe5 {[%emt 0:01:02]} 13. Nh2 {[%emt 0:03:39]} Nf4 {[%emt 0:07:12]} 14. Bxf4 {[%emt 0:00:16]} exf4 {[%emt 0:00:01]} 15. Qxf4 {[%emt 0:00:02]} Qe7 {[%emt 0:10:53]} 16. Rd1 {[%emt 0:01:31]} Nc5 {[%emt 0:04:30]} 17. Qe3 {[%emt 0:03:00]} Rae8 {[%emt 0:03:52]} 18. f3 {[%emt 0:02:32]} f5 {[%emt 0:01:35]} 19. gxf6 {[%emt 0:00:10]} Bxf6 {[%emt 0:00:03]} 20. O-O {[%emt 0:00:54]} Bg5 {[%emt 0:08:26]} 21. Qf2 {[%emt 0:05:22]} Bc8 {[%emt 0:01:32]} 22. Kh1 {[%emt 0:11:51]} Bxh3 {[%emt 0:01:06]} 23. Rg1 {[%emt 0:00:01]} Nxe4 {[%emt 0:06:22]} 24. Nxe4 {[%emt 0:00:18]} Qxe4 {[%emt 0:00:01]} 25. Bd3 {[%emt 0:00:01]} Qh4 {[%emt 0:02:27]} 26. Qg3 {[%emt 0:00:12]} Bf6 {[%emt 0:00:45]} 27. Be4 {[%emt 0:03:53]} Rxe4 {[%emt 0:03:48]} 28. fxe4 {[%emt 0:00:16]} Qxe4+ {[%emt 0:00:08]} 29. Qf3 {[%emt 0:01:47]} Qxf3+ {[%emt 0:00:37]} 30. Nxf3 {[%emt 0:00:02]} Bxb2 {[%emt 0:00:44]} 31. Nd4 {[%emt 0:00:01]} Bxd4 {[%emt 0:01:03]} 32. Rxd4 {[%emt 0:00:01]} Be6 {[%emt 0:00:08]} 33. Rd6 {[%emt 0:00:19]} Bd5+ {[%emt 0:00:06]} 34. Kh2 {[%emt 0:00:03]} Rf2+ {[%emt 0:00:47]} 35. Kg3 {[%emt 0:00:01]} Rxc2 {[%emt 0:00:26]} 36. Rf1 {[%emt 0:01:27]} Rg2+ {[%emt 0:00:47]} 37. Kf4 {[%emt 0:00:36]} Kf7 {[%emt 0:00:46]} 38. Rd7+ {[%emt 0:01:13]} Ke6 {[%emt 0:00:32]} 39. Rxh7 {[%emt 0:00:01]} a5 {[%emt 0:00:28]} 40. Rb7 {[%emt 0:00:00]} g5+ {[%emt 0:00:00]} 41. Ke3 {[%emt 0:02:58]} Rg3+ {[%emt 0:00:46]} 42. Kd4 {[%emt 0:00:04]} c5+ {[%emt 0:00:08]} 43. Kxc5 {[%emt 0:00:12]} Bxb7 {[%emt 0:00:04]} 44. Kxb5 {[%emt 0:00:04]} Rxa3 {[%emt 0:00:20]} 45. Rg1 {[%emt 0:00:00]} Kf5 {[%emt 0:00:07]} 46. Rf1+ {[%emt 0:00:03]} Rf3 {[%emt 0:00:04]} 47. Rg1 {[%emt 0:00:12]} g4 {[%emt 0:00:11]} 48. Kxa5 {[%emt 0:00:04]} g3 {[%emt 0:00:05]} 49. Kb4 {[%emt 0:00:02]} g2 {[%emt 0:00:07]} 50. Kc4 {[%emt 0:00:05]} Rf1 {[%emt 0:00:05]} 51. Kd3 {[%emt 0:00:02]} Rxg1 {[%emt 0:00:06]} 52. Ke3 {[%emt 0:00:01]} Re1+ {[%emt 0:00:10]} 53. Kf2 {[%emt 0:00:02]} g1=Q# {[%emt 0:00:06]} 0-1

[Event "IIFL Wealth  4th Mumbai Junior U-13"]
[Site "Mumbai"]
[Date "2019.01.02"]
[Round "4"]
[White "Divya Deshmukh"]
[Black "Ayush Sharma"]
[Result "0-1"]
[WhiteElo "2190"]
[BlackElo "1778"]
[Annotator "TA"]
[PlyCount "86"]
[EventDate "2018.12.30"]
[EventType "swiss"]
[EventCountry "IND"]
[SourceTitle "playchess.com"]
[Source "ChessBase"]
[SourceQuality "1"]

{[%evp 11,86,-28,-42,-35,-27,-33,-24,-25,-6,-18,-20,-50,-33,-64,-39,-47,-32,-45,-43,-47,-24,-38,-30,-46,-41,-72,-68,-66,-40,-20,-20,-69,-63,-30,-41,-38,-16,-115,-122,-184,-100,-148,-144,-220,-191,-166,-148,-158,-38,-285,-280,-245,-259,-286,-288,-551,-551,-732,-724,-767,-645,-610,-606,-990,-1007,-1012,-989,-1567,-1560,-1434,-1343,-1762,-1754,-1559,-1391,-5606,-4733]} 1. e4 e6 2. Nf3 d5 3. Nc3 d4 4. Ne2 c5 5. c3 Nf6 6. d3 {C00: French: Unusual White 2nd moves} (6. cxd4 cxd4 7. Nexd4 Nxe4 8. Nxe6 Bxe6 9. Qa4+ Nc6 10. Qxe4 Bc5 11. Bc4 O-O 12. O-O Bxc4 13. Qxc4 Qb6 14. d3 Nd4 15. Nxd4 Bxd4 16. Be3 Bxe3 17. fxe3 Qxe3+ 18. Kh1 Rac8 {½-½ (18) Danin,A (2569)-Kovacevic,B (2480) Padova 2015}) 6... Nc6 {LiveBook: 3 Games} 7. Ng3 Bd6 8. Be2 {Black has an edge.} O-O 9. O-O Rb8 $146 ({Predecessor:} 9... a6 10. Ne1 e5 11. f4 Qc7 12. f5 dxc3 13. bxc3 {0-1 (38) Nascimento,C (1931)-Suarez Garcia,C (2426) Porto 2016}) 10. Nd2 b5 {[%cal Bb7b5,Bb5b4][%mdl 32]} 11. f4 e5 12. f5 dxc3 13. bxc3 b4 14. c4 Nd4 15. Nf3 Nd7 16. Nh5 Be7 17. Nxd4 cxd4 18. Qe1 Bh4 $36 {[%mdl 2048] Black has the initiative.} 19. Qd2 h6 20. Rf3 Rb6 21. Rh3 a5 22. Qd1 Nc5 23. Bf1 a4 {[#]} 24. Qg4 (24. Nxg7 $1 $11 {[%mdl 512]} Kxg7 25. Qh5) 24... Bg5 $17 25. Bxg5 (25. Rg3 $17 g6 26. Bxg5 hxg5 27. Qxg5 Qxg5 28. Rxg5) 25... hxg5 (25... Qxg5 $19 26. Qxg5 hxg5) 26. Ng3 {[#]} g6 $1 27. a3 (27. Nh1 $17) 27... bxa3 $19 28. Rxa3 Rb3 29. Ra1 {[#]} Kg7 ({Black should try} 29... Bd7 $1 $17 {...Rb2 is the strong threat.} 30. Rh6 Kg7) 30. Ne2 $2 (30. Nh5+ $1 $15 Kg8 31. Ng3) 30... Rxd3 31. Rxd3 Nxd3 32. Qg3 Nf4 33. Rxa4 $2 (33. Nxf4 gxf4 34. Qd3) 33... d3 {Black is clearly winning.} 34. Nxf4 d2 35. f6+ Kg8 ({Don't blunder} 35... Kh8 $2 36. Qxg5 Qb6+ 37. c5 $18) 36. Nd5 d1=Q 37. Ra8 Qd6 38. Ra5 Be6 39. Qxg5 Qd4+ {[%mdl 64] Double Attack} 40. Ne3 Rb8 41. Kh1 Qxe4 42. Ra6 Qd8 {aiming for ...Rb3.} ({Stronger than} 42... Qxa6 43. Qh6 Qxg2+ 44. Nxg2 Bxc4 45. Qg7#) 43. c5 Qf4 {Accuracy: White = 33%, Black = 69%.} 0-1

[Event "IIFL Wealth  4th Mumbai Junior U-13"]
[Site "Mumbai"]
[Date "2019.01.02"]
[Round "4"]
[White "Pranesh M"]
[Black "Bhagyashree Patil"]
[Result "0-1"]
[WhiteElo "2125"]
[BlackElo "1758"]
[Annotator "NA"]
[PlyCount "116"]
[EventDate "2018.12.30"]
[EventType "swiss"]
[EventCountry "IND"]
[SourceTitle "playchess.com"]
[Source "ChessBase"]
[SourceQuality "1"]
[TimeControl "40/5400+30:1800+30"]

1. e4 {[%emt 0:00:00]} e5 {[%emt 0:00:00]} 2. Nf3 {[%emt 0:00:00]} Nc6 {[%emt 0:00:00]} 3. d4 {[%emt 0:00:00]} exd4 {[%emt 0:00:16]} 4. Bc4 {[%emt 0:00:00]} Nf6 {[%emt 0:00:18]} 5. O-O {[%emt 0:00:00]} Nxe4 {[%emt 0:00:35]} 6. Re1 {[%emt 0:00:02]} d5 {[%emt 0:00:22]} 7. Bxd5 {[%emt 0:00:01]} Qxd5 {[%emt 0:00:09]} 8. Nc3 {[%emt 0:00:01]} Qa5 {[%emt 0:00:55]} 9. Nxe4 {[%emt 0:00:07]} Be6 {[%emt 0:00:06]} 10. Bd2 {[%emt 0:00:03]} Qd5 {[%emt 0:08:48]} 11. Bg5 {[%emt 0:00:24]} Be7 {[%emt 0:06:22]} 12. Bxe7 {[%emt 0:00:25] C56: Two Knights: 4 d4 exd4 5 0-0 Nxe4} Nxe7 {[%emt 0:00:55]} 13. Nxd4 {[%emt 0:02:44]} O-O-O {[%emt 0:03:49]} 14. Nxe6 {[%emt 0:01:36]} Qxe6 {[%emt 0:01:30]} 15. Qf3 {[%emt 0:00:34]} Qf5 {[%emt 0:02:27]} 16. Qc3 {[%emt 0:01:32]} Nd5 $146 {[%emt 0:03:15]} ({Predecessor:} 16... Qf6 17. Nc5 Nd5 18. Qa3 Kb8 19. c4 Nf4 20. Qf3 Qb6 21. Nxb7 Rd4 22. Rad1 Rxd1 23. Rxd1 Ne6 24. Rd7 Qxb2 25. Na5 Qb4 26. Rd1 {1-0 (26) Daurelle,H (2189)-Lopez,A (2003) Saint Affrique 2014}) 17. Qxg7 {[%emt 0:04:29]} Rhg8 {[%emt 0:01:43]} 18. Qh6 {[%emt 0:04:33]} Rg6 {[%emt 0:03:10]} 19. Qh4 {[%emt 0:04:16]} Rg4 {[%emt 0:02:48]} 20. Ng3 {[%emt 0:00:17]} Qg6 {[%emt 0:00:17]} 21. Qxd8+ {[%emt 0:07:03]} ({Avoid the trap} 21. Qh3 $2 Nf4 $19 {[%mdl 64] Trapped Piece}) 21... Kxd8 {[%emt 0:00:06]} 22. Rad1 {[%emt 0:00:11]} c6 {[%emt 0:02:05]} 23. h3 {[%emt 0:00:04]} Rf4 {[%emt 0:01:13]} 24. Ne2 {[%emt 0:01:15]} Re4 {[%emt 0:04:27]} 25. f3 {[%emt 0:00:14]} Re8 {[%emt 0:02:04]} 26. Rd2 {[%emt 0:03:49]} Kc8 {[%emt 0:02:46]} 27. Kf2 {[%emt 0:00:55]} Qg5 {[%emt 0:02:15]} 28. Rd3 {[%emt 0:01:22]} Nf4 {[%emt 0:03:51]} 29. Nxf4 {[%emt 0:01:09]} Rxe1 {[%emt 0:00:05]} 30. Kxe1 {[%emt 0:01:04]} Qxf4 {[%emt 0:00:03]} 31. Kd1 {[%emt 0:00:36]} Qh2 {[%emt 0:00:13]} 32. g4 {[%emt 0:03:10]} Qxh3 {[%emt 0:00:35]} 33. Kd2 {[%emt 0:00:17]} f5 {[%emt 0:00:47]} 34. gxf5 {[%emt 0:01:26]} Qxf5 {[%emt 0:00:58]} 35. c3 $19 {[%emt 0:01:13]} h5 {[%emt 0:00:32]} 36. Ke3 {[%emt 0:00:12]} Qe5+ {[%emt 0:00:09]} 37. Kf2 {[%emt 0:00:08]} h4 {[%emt 0:00:14]} 38. f4 {[%emt 0:00:07]} Qxf4+ {[%emt 0:00:06]} 39. Rf3 {[%emt 0:00:09]} Qd2+ {[%emt 0:00:04]} 40. Kg1 {[%emt 0:00:00]} Qxb2 {[%emt 0:00:00]} 41. Rh3 {[%emt 0:00:06]} Qxa2 {[%emt 0:00:24]} 42. Rxh4 {[%emt 0:00:05]} Qa1+ {[%emt 0:00:01]} 43. Kg2 {[%emt 0:00:01]} Qxc3 {[%emt 0:00:06]} 44. Rh3 {[%emt 0:00:06]} Qxh3+ {[%emt 0:00:08]} 45. Kxh3 {[%emt 0:00:09]} a5 {[%emt 0:00:01]} 46. Kh4 {[%emt 0:00:11]} a4 {[%emt 0:00:03]} 47. Kg5 {[%emt 0:00:04]} a3 {[%emt 0:00:02]} 48. Kg6 {[%emt 0:00:04]} a2 {[%emt 0:00:02]} 49. Kf7 {[%emt 0:00:01]} a1=Q {[%emt 0:00:08]} 50. Ke6 {[%emt 0:00:19]} Qd1 {[%emt 0:00:08]} 51. Ke5 {[%emt 0:00:08]} b5 {[%emt 0:00:08]} 52. Kf4 {[%emt 0:00:03]} b4 {[%emt 0:00:04]} 53. Ke4 {[%emt 0:00:04]} b3 {[%emt 0:00:04]} 54. Ke3 {[%emt 0:00:03]} b2 {[%emt 0:00:03]} 55. Kf4 {[%emt 0:00:06]} b1=Q {[%emt 0:00:13]} 56. Ke3 {[%emt 0:00:03]} Qa4 {[%emt 0:00:13]} 57. Kd2 {[%emt 0:00:08]} Qbb3 {[%emt 0:00:16]} 58. Kc1 {[%emt 0:00:05]} Qf4# {[%emt 0:00:09]} 0-1

[Event "IIFL Wealth  4th Mumbai Junior U-13"]
[Site "Mumbai"]
[Date "2019.01.02"]
[Round "4"]
[White "Tyagi, Kushan"]
[Black "Jain Vihaan"]
[Result "0-1"]
[WhiteElo "2042"]
[BlackElo "1149"]
[Annotator "NA"]
[PlyCount "68"]
[EventDate "2018.12.30"]
[EventType "swiss"]
[EventCountry "IND"]
[SourceTitle "playchess.com"]
[Source "ChessBase"]
[SourceQuality "1"]
[TimeControl "40/5400+30:1800+30"]

1. e4 c5 2. Nf3 Nc6 3. d4 cxd4 4. Nxd4 e5 5. Nf5 d6 6. Bd3 Nf6 7. O-O Bxf5 8. exf5 Qd7 9. Nc3 Be7 10. Bg5 O-O 11. Bxf6 Bxf6 12. Qh5 Nb4 13. Bb5 Qe7 14. Qe2 Nc6 15. Nd5 Qd8 16. Qh5 Nd4 17. c3 Nxb5 18. Qg4 Nc7 19. Nxc7 Qxc7 20. f4 e4 21. Rfe1 d5 22. Rad1 Qb6+ 23. Kh1 Rad8 24. Rd2 Rfe8 25. Ree2 Bxc3 26. Rd1 Bf6 27. Rde1 e3 28. b3 d4 29. Qg3 d3 30. Rxe3 Rxe3 31. Rxe3 d2 32. Rd3 d1=Q+ 33. Rxd1 Rxd1+ 34. Qe1 Rxe1# 0-1

[Event "IIFL Wealth  4th Mumbai Junior U-13"]
[Site "Mumbai"]
[Date "2019.01.02"]
[Round "4"]
[White "Kadam Om Manish"]
[Black "Srihari L R"]
[Result "0-1"]
[WhiteElo "1944"]
[BlackElo "2316"]
[Annotator "TA"]
[PlyCount "98"]
[EventDate "2018.12.30"]
[EventType "swiss"]
[EventCountry "IND"]
[SourceTitle "playchess.com"]
[Source "ChessBase"]
[SourceQuality "1"]

{[%evp 9,98,-1,43,37,71,50,112,41,54,31,45,35,48,24,33,34,27,-35,-40,-38,-29,-30,-39,-42,-39,-35,-24,-26,-6,-21,-29,-72,-67,-70,-44,-59,-41,-52,-58,-62,-62,-63,0,-43,-41,-59,-62,-57,-35,-61,-64,-55,-55,-58,-58,-58,-59,-58,-61,-71,-49,-261,-249,-265,-270,-267,-254,-276,-267,-242,-192,-206,-172,-137,-114,-143,-133,-103,-64,-180,-143,-197,-276,-256,-175,-29983,-29984,-29976,-29978,-5769,-5533]} 1. b3 d5 2. Bb2 Bg4 3. f3 Bf5 4. e3 Nd7 (4... e6 5. Ne2 Nc6 6. Nbc3 h6 7. Ng3 Bh7 8. Bb5 Nge7 9. Nce2 a6 10. Bd3 Bxd3 11. cxd3 {1-0 (35) Jobava,B (2713)-Wojtaszek,R (2734) Chartres 2017}) 5. f4 f6 6. Nf3 {A01: Nimzowitsch-Larsen Opening} c6 $146 ({Predecessor:} 6... e5 7. fxe5 fxe5 8. Nxe5 Nxe5 9. Bxe5 Qh4+ 10. Bg3 Qf6 11. Nc3 c6 {½-½ (89) Otte,M (2143)-Pitschka,C (2193) Bayern 2016}) 7. c4 Bg6 (7... e6 $14) 8. Nc3 (8. cxd5 $16 cxd5 9. Nc3) 8... e6 $14 9. d4 Bd6 10. Bd3 Ne7 11. O-O O-O 12. Bxg6 Nxg6 13. f5 (13. g4 $11) 13... exf5 $15 14. cxd5 cxd5 15. Nxd5 Ne7 16. Nc3 Nb6 17. Qd3 g6 18. e4 fxe4 19. Qxe4 Qd7 20. a3 Rae8 21. Qd3 Nf5 22. Rfe1 Bf4 23. Kh1 Ne3 24. Bc1 {[%cal Rc1e3]} Ng4 25. Rf1 $1 Ne3 26. Re1 $1 {[%cal Rc1e3]} Ned5 27. Bxf4 Nxf4 $40 {[%mdl 128] Black is up to no good.} 28. Qd2 Qf5 29. Rad1 Nbd5 30. Nxd5 Nxd5 31. Rxe8 Rxe8 32. Re1 Rxe1+ 33. Qxe1 Kf7 34. Qc1 Qd3 35. Qc4 $2 ({White should play} 35. b4 $15) 35... Qxc4 $19 36. bxc4 {[%mdl 4096] Endgame KN-KN} Ne3 37. Nd2 Nc2 38. d5 Nxa3 39. Kg1 a5 40. Kf2 Nc2 41. Ke2 Nb4 42. Ke3 a4 {[%cal Ba5a4,Ba4a3][%mdl 32]} 43. Kd4 Ke7 44. Kc5 ({Better is} 44. Kc3 $15 Na6 45. Ne4) 44... Nc2 {Threatens to win with ...a3.} 45. Kb6 a3 {aiming for ...Nd4.} 46. Kc7 {Black must now prevent Nb3.} Nd4 ({Much less strong is} 46... a2 47. d6+ Ke6 48. d7 $17) 47. Nb3 $2 {[#]} (47. d6+ $19 Ke6 {[#]} 48. Nb3 $1 {[%mdl 512]}) 47... Nxb3 48. d6+ Kf7 49. d7 Nc5 {Accuracy: White = 43%, Black = 58%.} 0-1

[Event "IIFL Wealth  4th Mumbai Junior U-13"]
[Site "Mumbai"]
[Date "2019.01.02"]
[Round "4"]
[White "Zia, Tahsin Tajwar"]
[Black "Abhyuday Santhosh"]
[Result "1-0"]
[WhiteElo "1925"]
[BlackElo "1409"]
[Annotator "NA"]
[PlyCount "97"]
[EventDate "2018.12.30"]
[EventType "swiss"]
[EventCountry "IND"]
[SourceTitle "playchess.com"]
[Source "ChessBase"]
[SourceQuality "1"]
[TimeControl "40/5400+30:1800+30"]

1. d4 {[%emt 0:00:00]} d5 {[%emt 0:00:00]} 2. Bf4 {[%emt 0:00:00]} Nf6 {[%emt 0:00:00]} 3. e3 {[%emt 0:00:00]} c5 {[%emt 0:00:01]} 4. Nf3 {[%emt 0:00:06]} Nc6 {[%emt 0:00:09]} 5. Nbd2 {[%emt 0:00:05] D02: 1 d4 d5 2 Nf3 sidelines, including 2...Nf6 3 g3 and 2...Nf6 3 Bf4} (5. c3 e6 6. Nbd2 cxd4 7. exd4 Nh5 8. Bg5 f6 9. Be3 Bd6 10. Bb5 O-O 11. O-O Ne7 12. Re1 Bd7 13. Bd3 g6 14. Bh6 Rf7 {½-½ (83) Caruana,F (2822)-Aronian,L (2767) chess.com INT 2018}) 5... cxd4 {[%emt 0:00:17]} 6. exd4 {[%emt 0:00:09]} Bf5 {[%emt 0:00:42]} 7. c3 {[%emt 0:00:47]} e6 {[%emt 0:00:15]} 8. Qb3 {[%emt 0:02:47]} Qc8 {[%emt 0:00:48]} 9. a4 {[%emt 0:02:43]} Be7 {[%emt 0:03:21]} 10. a5 {[%emt 0:01:36]} a6 {[%emt 0:00:55]} 11. Be2 $146 {[%emt 0:02:08]} ({Predecessor:} 11. Qd1 O-O 12. Be2 Qd8 13. Nb3 b6 14. axb6 Qxb6 {½-½ (34) Vydeslaver,A (2385)-Spalir,J (2204) Pardubice 2012}) 11... Bg6 {[%emt 0:06:02]} 12. h3 {[%emt 0:02:21]} h6 {[%emt 0:04:26]} 13. O-O {[%emt 0:01:18]} O-O {[%emt 0:00:07]} 14. Rfc1 {[%emt 0:00:47]} Qd8 {[%emt 0:01:06]} 15. Qxb7 {[%emt 0:04:33]} Nxa5 {[%emt 0:01:58]} 16. Rxa5 {[%emt 0:04:43]} Qxa5 {[%emt 0:00:15]} 17. Qxe7 {[%emt 0:00:21]} Qb6 {[%emt 0:02:29]} 18. Qa3 {[%emt 0:01:18]} Rfc8 {[%emt 0:05:51]} 19. Ra1 {[%emt 0:01:47]} Ne4 {[%emt 0:05:42]} 20. Nxe4 {[%emt 0:01:18]} Bxe4 {[%emt 0:01:51]} 21. Nd2 {[%emt 0:01:06]} Bc2 {[%emt 0:01:04]} 22. Rc1 {[%emt 0:01:19]} Bg6 {[%emt 0:01:00]} 23. Nb3 {[%emt 0:04:28]} f6 {[%emt 0:04:32]} 24. Nc5 {[%emt 0:02:20]} Be8 {[%emt 0:06:23]} 25. Ra1 {[%emt 0:02:15]} Bb5 {[%emt 0:01:17]} 26. Bxb5 {[%emt 0:05:33] Pin} axb5 {[%emt 0:00:36]} 27. Qxa8 {[%emt 0:00:02]} Rxa8 {[%emt 0:00:18]} 28. Rxa8+ {[%emt 0:00:02]} Kh7 {[%emt 0:00:31]} 29. b4 {[%emt 0:00:58]} Kg6 {[%emt 0:02:34]} 30. g4 {[%emt 0:02:39]} h5 {[%emt 0:00:53]} 31. Ra6 {[%emt 0:02:19]} Qd8 {[%emt 0:00:20]} 32. Rxe6 {[%emt 0:01:04]} Qa8 {[%emt 0:00:13]} 33. Kg2 {[%emt 0:01:40]} Qa1 {[%emt 0:00:35]} 34. Re3 hxg4 {[%emt 0:00:20]} 35. hxg4 {[%emt 0:01:12]} Qd1 {[%emt 0:00:13]} 36. Rg3 {[%emt 0:04:02]} Kf7 {[%emt 0:00:48]} 37. g5 {[%emt 0:03:10]} fxg5 {[%emt 0:03:37]} 38. Rxg5 {[%emt 0:03:41]} Qe2 {[%emt 0:00:11]} 39. Be5 {[%emt 0:00:00]} g6 {[%emt 0:00:00]} 40. Rg3 {[%emt 0:00:00]} Qc2 {[%emt 0:00:00]} 41. Rf3+ {[%emt 0:05:18]} Ke7 {[%emt 0:05:16]} 42. Bg3 {[%emt 0:00:46]} Qd1 {[%emt 0:00:17]} 43. Re3+ {[%emt 0:01:16]} Kf7 {[%emt 0:01:18]} 44. Nd7 {[%emt 0:02:12]} Qc2 {[%emt 0:02:08]} 45. Bh4 {[%emt 0:02:56]} Kg7 {[%emt 0:02:28]} 46. Bf6+ {[%emt 0:01:05]} Kh7 {[%emt 0:00:51]} 47. Ne5 {[%emt 0:01:35]} Kg8 48. Rh3 {[%emt 0:05:49]} Qe4+ {[%emt 0:01:14]} 49. Kg3 {[%emt 0:00:21]} 1-0

[Event "IIFL Wealth  4th Mumbai Junior U-13"]
[Site "Mumbai"]
[Date "2019.01.02"]
[Round "4"]
[White "Savitha Shri B"]
[Black "Vivaan Vijay Saraogi"]
[Result "0-1"]
[WhiteElo "1894"]
[BlackElo "1290"]
[Annotator "NA"]
[PlyCount "84"]
[EventDate "2018.12.30"]
[EventType "swiss"]
[EventCountry "IND"]
[SourceTitle "playchess.com"]
[Source "ChessBase"]
[SourceQuality "1"]
[TimeControl "40/5400+30:1800+30"]

1. Nf3 {[%emt 0:00:00]} Nf6 {[%emt 0:00:00]} 2. g3 {[%emt 0:00:00]} d5 {[%emt 0:00:00]} 3. d4 {[%emt 0:00:00]} e6 {[%emt 0:00:36]} 4. Bg2 {[%emt 0:00:06]} Be7 {[%emt 0:00:20]} 5. O-O {[%emt 0:00:07]} O-O {[%emt 0:00:04]} 6. b3 {[%emt 0:00:03]} b6 {[%emt 0:01:00]} 7. Bb2 {[%emt 0:00:19]} Bb7 {[%emt 0:00:26]} 8. Ne5 {[%emt 0:00:07] D02: 1 d4 d5 2 Nf3 sidelines, including 2...Nf6 3 g3 and 2...Nf6 3 Bf4} (8. Nbd2 Nbd7 9. e3 c5 10. c4 Rc8 11. Rc1 dxc4 12. Nxc4 cxd4 13. Qxd4 Nc5 14. Rfd1 Qxd4 15. Nxd4 Bxg2 16. Kxg2 Nd5 17. Nb5 a6 18. Nc3 Nxc3 19. Bxc3 b5 20. Nb6 {1-0 (37) Moiseenko,V (2492)-Timofeev,A (2580) Sochi 2018}) 8... Nbd7 {[%emt 0:00:37]} 9. f4 {[%emt 0:00:31]} c5 {[%emt 0:00:33]} 10. e3 {[%emt 0:01:01]} Ne4 $146 {[%emt 0:03:14]} ({Predecessor:} 10... Rc8 11. Nd2 Nxe5 12. fxe5 Ne4 13. Nxe4 dxe4 14. c4 Bg5 15. Qe2 Bh6 {0-1 (28) Guerra,E-Velazco,E Arequipa 2003}) 11. Nd2 {[%emt 0:11:22]} Ndf6 {[%emt 0:00:30]} 12. Qe2 {[%emt 0:04:59]} Nxd2 {[%emt 0:03:40]} 13. Qxd2 {[%emt 0:00:13]} Rc8 {[%emt 0:00:34]} 14. Rad1 {[%emt 0:04:31]} Ba6 {[%emt 0:01:02]} 15. Rfe1 {[%emt 0:01:25]} Qc7 {[%emt 0:00:19]} 16. Rc1 {[%emt 0:07:41]} Rfd8 {[%emt 0:05:26]} 17. Qf2 {[%emt 0:00:11]} Bf8 {[%emt 0:01:02]} 18. g4 {[%emt 0:03:46]} Ne4 {[%emt 0:04:02]} 19. Bxe4 {[%emt 0:02:59]} dxe4 {[%emt 0:00:04]} 20. c4 {[%emt 0:00:47]} f6 {[%emt 0:00:16]} 21. Qg2 {[%emt 0:15:47]} fxe5 {[%emt 0:00:43]} 22. fxe5 {[%emt 0:00:05]} Bb7 {[%emt 0:01:07]} 23. g5 {[%emt 0:12:22]} g6 {[%emt 0:05:28]} 24. Rf1 {[%emt 0:05:21]} Bg7 {[%emt 0:01:29]} 25. Rfd1 $2 {[%emt 0:03:09]} (25. Qg4 Qc6 26. Rcd1) 25... Rf8 {[%emt 0:01:03]} 26. Qg4 {[%emt 0:00:36]} Rce8 {[%emt 0:02:15]} 27. b4 {[%emt 0:06:08]} Rf3 {[%emt 0:00:53]} 28. bxc5 {[%emt 0:00:22]} bxc5 {[%emt 0:00:31]} 29. Ba3 {[%emt 0:01:56]} cxd4 {[%emt 0:00:48]} 30. Bd6 {[%emt 0:00:24]} Qa5 {[%emt 0:00:53]} 31. exd4 {[%emt 0:03:19]} Qxa2 {[%emt 0:00:33]} 32. d5 {[%emt 0:00:52]} Qe2 {[%emt 0:02:55]} 33. Qh4 {[%emt 0:05:37]} exd5 34. cxd5 {[%emt 0:00:56]} Bxe5 {[%emt 0:03:26]} 35. Bxe5 {[%emt 0:01:44]} Rxe5 {[%emt 0:00:31]} 36. d6 {[%emt 0:00:02]} Qe3+ {[%emt 0:00:12]} 37. Kh1 {[%emt 0:00:29]} Qxg5 {[%emt 0:06:29]} 38. Qxg5 {[%emt 0:02:33]} Rxg5 {[%emt 0:00:06]} 39. Rb1 {[%emt 0:05:35]} Bd5 {[%emt 0:01:16]} 40. Rb5 {[%emt 0:00:00]} Rd3 {[%emt 0:00:00]} 41. Rc1 {[%emt 0:10:25]} e3+ {[%emt 0:00:44]} 42. Rxd5 {[%emt 0:00:06]} Rgxd5 {[%emt 0:00:15]} 0-1